Palaos pour les touristes... - Facile - Statistiques

Statistiques générales
  • Ce quiz a été pris 3 fois
    2 depuis la dernière actualisation
  • Le résultat moyen est 5 sur 21
Statistiques - réponses
Question Indice Réponses Indice facile % Correct
Quelles sont les langues officielles ? Anglais
100%
Combien d'heures (environ) mettrez-vous pour vous y rendre ? (en chiffres) 26
50%
La vitesse est limitée à {40} km/h
50%
La religion majoritaire est Catholicisme C
50%
La conduite se fait à droite ou à gauche ? Droite
50%
A quelle région appartient ce pays M Micronésie
50%
Avez-vous besoin d'un visa ? (oui/non) oui
50%
Dans la capitale y-a-t-il un décalage horaire avec Paris ? (oui/non) Oui
50%
Quel est le climat local ? T Tropical
50%
Comment se nomme la principale compagnie aérienne locale AA Asiana Airlines AINNASALISERAI
0%
Quelles sont les principaux lieux touristiques ? B Babeldaob ALBEDOABB
0%
Quelle est la monnaie ? Dollar américain $
0%
Quelles sont les principaux lieux touristiques ? C Iles {Chalbacheb} BHHACCABLE
0%
Quelles sont les principaux lieux touristiques ? K Koror ROROK
0%
Achats à faire 3/ Objets issu des coquillages en... Nacre ECRAB
0%
Quelles sont les langues officielles ? Paluan P
0%
Achats à faire 1/ Clichés Photos
0%
Le suffixe internet est pw
0%
Le principal aéroport est nommé RT Roman Tmetuchl
0%
Quelles sont les principaux lieux touristiques ? A Spot d'{Angaur} RANGAU
0%
Achats à faire 2/ Pour les collectionneurs Timbres MBISTRE
0%
Aucun quiz correspondant
Distribution des résultats
% des personnes avec chaque résultat
Percentile par nombre de réponses
Votre historique - résultats
Vous n’avez pas pris ce quiz depuis la dernière actualisation